| 000 | 00573nam a2200193 u 4500 | ||
|---|---|---|---|
| 001 | 63582 | ||
| 005 | 20180714070058.0 | ||
| 008 | 150924s2002 mx r 000 0 spa d | ||
| 020 | _a968-23- | ||
| 082 |
_a863.4 _bRAM |
||
| 100 | 1 |
_aRamos Izquierdo, Eduardo _eautor |
|
| 245 | 1 | 4 |
_aLos años vacíos / _cpor Eduardo Ramos-Izquierdo. |
| 250 | _aPrimera edición | ||
| 264 |
_aMéxico : _bSiglo Veintiuno _c2002 |
||
| 300 |
_a196 páginas ; _c21 cm. |
||
| 336 |
_atexto _2rdacontent |
||
| 337 |
_asin mediación _2rdamedia |
||
| 338 |
_avolumen _2rdacarrier |
||
| 999 |
_c63582 _d63582 |
||